书目信息 |
| 题名: |
成人纪念册
|
|
| 作者: | 郑丹娘 , 郑丹娘 编 | |
| 分册: | ||
| 出版信息: | 北京 中央文献出版社 2000.05 |
|
| 页数: | 154页 | |
| 开本: | 18cm | |
| 丛书名: | ||
| 单 册: | ||
| 中图分类: | D432.23 | |
| 科图分类: | ||
| 主题词: | 青年修养 , 青年修养 | |
| 电子资源: | ||
| ISBN: | 7-5073-0760-3 | |
| 000 | 00826nam0 2200253 450 | |
| 001 | 0103015161CN | |
| 005 | 20060916092404.10 | |
| 010 | @a7-5073-0760-3@b精装@dCNY28.00 | |
| 100 | @a20010611d2000 am y0chiy0120 eb | |
| 101 | 0 | @achi |
| 102 | @aCN@b110000 | |
| 105 | @aa 000yy | |
| 200 | 1 | @a成人纪念册@Acheng ren ji nian ce@f郑丹娘编@Fzheng dan niang bian |
| 210 | @a北京@c中央文献出版社@d2000.05 | |
| 215 | @a154页@c图@d18cm | |
| 330 | @a这本书为眇入十八岁的青年朋友们开辟了一方之地,使你可以在阅读时了解自我,学习做人做事,同时在你开始成人的时候认识什么是成人和怎样成人. | |
| 606 | 0 | @a青年修养 |
| 606 | 0 | @a青年修养 |
| 690 | @aD432.23@v4 | |
| 701 | 0 | @a郑丹娘@4编@9zheng dan niang |
| 701 | 0 | @a郑丹娘@Azheng dan niang@4编 |
| 801 | @acn@bbwkj@c20060916 | |
| 905 | @aBZT@dD432.23@e1 | |
| 906 | @dCNY28.00@n0@r1 | |
| 成人纪念册/郑丹娘编.-北京:中央文献出版社,2000.05 |
| 154页:图;18cm |
| ISBN 7-5073-0760-3(精装):CNY28.00 |
| 这本书为眇入十八岁的青年朋友们开辟了一方之地,使你可以在阅读时了解自我,学习做人做事,同时在你开始成人的时候认识什么是成人和怎样成人. |
| ● |
| 相关链接 |
|
|
|
正题名:成人纪念册
索取号:D432.23/1
 
预约/预借
| 序号 | 登录号 | 条形码 | 馆藏地/架位号 | 状态 | 备注 |
| 1 | 459048 | 230062251 | 中心书库南/011架A面6层2列/ [索取号:D432.23/1] | 在馆 | |
| 2 | 459049 | 230062252 | 中心书库南/011架A面6层2列/ [索取号:D432.23/1] | 在馆 | |
| 3 | 459050 | 230062253 | 中心书库南/011架A面6层2列/ [索取号:D432.23/1] | 在馆 | |
| 4 | 459051 | 230062254 | 中心书库南/011架A面6层2列/ [索取号:D432.23/1] | 在馆 | |
| 5 | 459052 | 230062255 | 中心书库南/011架A面6层2列/ [索取号:D432.23/1] | 在馆 |